Liste des jeux Fallout - Statistiques

Statistiques générales
  • Ce quiz a été pris 248 fois
  • Le résultat moyen est 8 sur 9
Statistiques - réponses
Localisation Année Réponse % Correct
Boston 2015 Fallout 4
100%
Vault 13 1997 Fallout
99%
San Francisco 1998 Fallout 2
99%
Washington D.C 2008 Fallout 3
99%
Las Vegas 2010 Fallout New Vegas
97%
West Virginia 2018 Fallout 76
95%
Abri (Vault) 2015 Fallout Shelter
78%
Midwest américain 2001 Fallout Tactics
52%
Texas 2004 Fallout: Brotherhood of Steel
35%
Aucun quiz correspondant
Distribution des résultats
% des personnes avec chaque résultat
Percentile par nombre de réponses
Votre historique - résultats
Vous n’avez pas pris ce quiz